| 000 | 01762cam a22004934i 4500 | ||
|---|---|---|---|
| 003 | PE-LiUPU | ||
| 005 | 20250731165644.0 | ||
| 008 | 150616s r 000 0 d | ||
| 020 | _a0871234742 | ||
| 035 | _a(Sirsi) i9780871234742 | ||
| 040 |
_aPE-LiUPU _bspa _cPE-LiUPU _erda |
||
| 049 | _aPRUA | ||
| 082 | 0 | 4 |
_a220.77 _bB41N _221 |
| 110 | 2 | _aBethany House Publishers | |
| 245 | 1 | 4 | _aThe Bethany Parallel Commentary On The New Testament. |
| 264 | 1 |
_aMinneapolis, Minnesota : _bBethany House Publishers, _c1983. |
|
| 300 |
_a1499 páginas ; _c28 centímetros |
||
| 336 |
_atext _2rdacontent |
||
| 337 |
_aunmediated _2rdamedia |
||
| 338 |
_avolume _2rdacarrier |
||
| 505 | 0 | _aComentarios Paralelos del Nuevo Testamento hechos por Matthew Henry, Adam Clarke, Robert Jamieson, Andrew Fausset, David Brown. | |
| 526 | _aSEG44 | ||
| 526 | _aSEG26 | ||
| 526 | _aP151 | ||
| 526 | _aP150 | ||
| 526 | _aP149 | ||
| 526 | _aP146 | ||
| 526 | _aP145 | ||
| 526 | _aP126 | ||
| 526 | _aP125 | ||
| 526 | _aP92 | ||
| 526 | _aP75 | ||
| 526 | _aP74 | ||
| 526 | _aP27 | ||
| 526 | _aP15 | ||
| 630 |
_aBiblia. _pN.T. _xComentarios. |
||
| 910 |
_ajck _bjvq _cjck |
||
| 942 |
_2ddc _cBOOK |
||
| 949 |
_aRC 220.77 B41N _wDEWEY _c1 _i41158 _lCCODEBUL1 _mBUL _r0 _sY _tBOOK _u2015-6-16 _xTEOLOGIA _zUNKNOWN _0COMPRA _o.CIRCNOTE. No olvidar cambiar la fecha de devolución!!!!!!! _o.STAFF. Colección General |
||
| 994 |
_aC0 _bPEPRU |
||
| 596 | _a1 | ||
| 999 |
_aRC 220.77 B41N _wDEWEY _c58835 _i41158 _f2021-11-8 _g6 _lCCODEBUL1 _mBUL _r1 _sY _tBOOK _u2015-6-16 _xTEOLOGIA _zUNKNOWN _0COMPRA _o.CIRCNOTE. No olvidar cambiar la fecha de devolución!!!!!!! _o.STAFF. Colección General _d58835 |
||
| 980 |
_81 _gALBERTO SANCHEZ Responsable de Automatización |
||